Information at work (Record no. 32802)
[ view plain ]
| 000 -LEADER | |
|---|---|
| fixed length control field | 00264nam a2200109Ia 4500 |
| 082 ## - DEWEY DECIMAL CLASSIFICATION NUMBER | |
| Classification number | 659.2 |
| Item number | BRO |
| 100 ## - MAIN ENTRY--AUTHOR NAME | |
| Personal name | Brown, Michael Barrot |
| 245 #0 - TITLE STATEMENT | |
| Title | Information at work |
| 260 ## - PUBLICATION, DISTRIBUTION, ETC. (IMPRINT) | |
| Place of publication | London |
| Name of publisher | Arrow |
| Year of publication | 1978 |
| 942 ## - ADDED ENTRY ELEMENTS (KOHA) | |
| Koha item type | Books |
| Withdrawn status | Lost status | Damaged status | Not for loan | Home library | Current library | Date acquired | Cost, normal purchase price | Full call number | Accession Number | Koha item type |
|---|---|---|---|---|---|---|---|---|---|---|
| RRII Library | RRII Library | 16/12/2021 | 1.25 | 659.2 BRO | 13305 | Books |